000 00358nam a2200157Ia 4500
003 IT-RoPAU
008 120407s9999 xx 000 0 und d
040 _aIT-RoPAU
040 _cIT-RoPAU
100 _aMario Midali
245 _aSecolarità, laicità, consacrazione e apostolato
260 _aSalesianum
300 _c cm
490 _v1
942 _cBK
999 _c10506
_d10506